Statistiques concernant Les tribus de Koh-Lanta

Cliquez ici pour prendre le quiz!

Statistiques générales

  • Ce quiz a été pris 209 fois
    (27 depuis la dernière actualisation)
  • Le résultat moyen est 17 sur 70

Statistiques - réponses

SaisonsCouleursNoms% Correct
La LégendeJauneLanta-naï
79%
1JauneLanta-naï
79%
25JauneKadasi
58%
La LégendeRougeKorok
53%
1RougeKorok
53%
22JauneToa
47%
Le Combat des HérosRougeToa
47%
25RougeMatukad
42%
10RougeDo
37%
7RougeBatang
32%
9RougeKoror
32%
14JauneLankawaï
32%
L'île des HérosJauneLawaki
32%
23BleueNacpan
32%
10JauneVang
32%
11JauneWasaï
32%
17RougeBokor
26%
3RougeBoro
26%
21Bleue (Sud)Ceva
26%
7JauneGuntao
26%
L'île des HérosNoireHéros
26%
23VerteIlog
26%
La Revanche des HérosJauneKlahan
26%
8JauneMingao
26%
La Revanche des HérosRougeNekmao
26%
8RougeTayak
26%
21JauneVuro
26%
15RougeAopoh
21%
3JauneMachiga
21%
18RougeMakawa
21%
Le Choc des HérosRougeMalabou
21%
11RougeMambok
21%
L'île des HérosRougeNacomo
21%
La Nouvelle ÉditionRougeSimban
21%
12JauneSungaï
21%
17BleueTakeo
21%
2RougeTambor
21%
Le Choc des HérosJauneTiac
21%
14RougeTinggi
21%
21Verte (Est)Tokalo
21%
Le Retour des HérosJauneTupan
21%
2JauneVentanas
21%
23RougeCadlao
16%
4JauneChapera
16%
18JauneCoravu
16%
20BleueIkalu
16%
Le Retour des HérosRougeJacaré
16%
5RougeKanawa
16%
15JauneKarwaï
16%
5JauneKumo
16%
23JauneMatingi
16%
12RougeMawar
16%
6RougeMosso
16%
22RougeOro
16%
21RougeSayaké
16%
17JauneSokka
16%
6JauneTana
16%
La Nouvelle ÉditionJauneTengah
16%
23VioletteTurung
16%
21Orange (Ouest)Vakara
16%
21Violette (Nord)Vualiku
16%
Le Combat des HérosJauneWakaï
16%
20RougeKama
11%
9JauneMawaï
11%
4RougeMogo
11%
24JaunePaniman
11%
16RougeSambor
11%
20JauneTabuo
11%
24RougeTinago
11%
16JauneNaga
5%

Distribution des résultats

Percentile par nombre de réponses

% des personnes avec chaque résultat

Votre développement - résultats

Vous n’avez pas pris ce quiz depuis la dernière actualisation